El Mestizaje como gesta / (Registro nro. 44623)
[ vista simple ]
| 000 -LEADER | |
|---|---|
| fixed length control field | 01113cam a2200313 i 4500 |
| 001 - CONTROL NUMBER | |
| control field | 44623 |
| 003 - CONTROL NUMBER IDENTIFIER | |
| control field | Mx-PuUPA |
| 005 - DATE AND TIME OF LATEST TRANSACTION | |
| control field | 20250411153640.0 |
| 008 - FIXED-LENGTH DATA ELEMENTS--GENERAL INFORMATION | |
| fixed length control field | 140415s1992 sp gr 001 0 spa d |
| 020 ## - INTERNATIONAL STANDARD BOOK NUMBER | |
| International Standard Book Number | 8471005980 |
| 040 ## - CATALOGING SOURCE | |
| Description conventions | rda |
| Original cataloging agency | Mx-PuUPA |
| Language of cataloging | spa |
| Transcribing agency | Mx-PuUPA |
| Modifying agency | Mx-PuUPA |
| 041 0# - LANGUAGE CODE | |
| Language code of text/sound track or separate title | spa |
| 100 1# - MAIN ENTRY--PERSONAL NAME | |
| Personal name | Olaechea, Juan Bautista, |
| Dates associated with a name | 1925- |
| Relator term | autor |
| 9 (RLIN) | 8993 |
| 245 13 - TITLE STATEMENT | |
| Title | El Mestizaje como gesta / |
| Statement of responsibility, etc. | Juan B. Olaechea Labayen ; director coordinador, José Andrés-Gallego |
| 264 #4 - PRODUCTION, PUBLICATION, DISTRIBUTION, MANUFACTURE, AND COPYRIGHT NOTICE | |
| Place of production, publication, distribution, manufacture | Madrid : |
| Name of producer, publisher, distributor, manufacturer | Editorial MAPFRE, |
| Date of production, publication, distribution, manufacture, or copyright notice | ©1992 |
| 300 ## - PHYSICAL DESCRIPTION | |
| Extent | 316 páginas ; |
| Dimensions | 23 cm. |
| 336 ## - CONTENT TYPE | |
| Content type term | texto |
| Fuente | rdacontent |
| Content type code | txt |
| 337 ## - MEDIA TYPE | |
| Media type term | sin medio |
| Source | rdamedia |
| Media type code | n |
| 338 ## - CARRIER TYPE | |
| Carrier type term | volumen |
| Source | rdacarrier |
| Carrier type code | nc |
| 490 0# - SERIES STATEMENT | |
| Series statement | Colecciones MAPFRE 1492 ; |
| Volume/sequential designation | VII. |
| 490 0# - SERIES STATEMENT | |
| Series statement | Colección Realidades Americanas ; |
| Volume/sequential designation | 16 |
| 650 #4 - SUBJECT ADDED ENTRY--TOPICAL TERM | |
| Topical term or geographic name entry element | Mestizaje |
| General subdivision | Historia |
| Geographic subdivision | América Latina |
| Chronological subdivision | Siglos XVI-XVIII |
| 650 #4 - SUBJECT ADDED ENTRY--TOPICAL TERM | |
| Topical term or geographic name entry element | Mestizaje (Iberoamérica) |
| 651 #4 - SUBJECT ADDED ENTRY--GEOGRAPHIC NAME | |
| Geographic name | América Latina |
| General subdivision | Historia |
| Geographic subdivision | Siglos XVI-XVII |
| 700 1# - ADDED ENTRY--PERSONAL NAME | |
| Personal name | Andrés-Gallego, José, |
| Relator term | director coordinador |
| 942 ## - ADDED ENTRY ELEMENTS (KOHA) | |
| Source of classification or shelving scheme | Dewey Decimal Classification |
| Koha item type | Libro |
| Classification part | 910.9 |
| Item part | R285 |
| Withdrawn status | Lost status | Source of classification or shelving scheme | Damaged status | Not for loan | Collection code | Home library | Current library | Shelving location | Date acquired | Source of acquisition | Serial Enumeration / chronology | Total Checkouts | Full call number | Barcode | Date last seen | Copy number | Price effective from | Koha item type |
|---|---|---|---|---|---|---|---|---|---|---|---|---|---|---|---|---|---|---|
| Dewey Decimal Classification | General | Biblioteca Karol Wojtyla | Biblioteca Karol Wojtyla | Sala general | 03/12/2013 | Compra | v.16 | 910.9 R285 1992 | 67340 | 05/01/2026 | Ej.2 | 16/06/2017 | Libro | |||||
| Descarte | Dewey Decimal Classification | General | Biblioteca Karol Wojtyla | Biblioteca Karol Wojtyla | Sala general | 03/12/2013 | Compra | v.16 | 910.9 R281 1992 | 67090 | 14/06/2017 | Libro | ||||||
| Dewey Decimal Classification | Referencia | Tehuacán | Tehuacán | Referencia | 19/09/2019 | v.16 | 910.9 R281 1992 | 968000000423 | 08/01/2025 | 19/09/2019 | Libro R |